Statistiken für Real Madrid Kader 23/24

Klicken Sie hier um das Quiz zu spielen!

Allgemein

  • Dieses Quiz wurde 218 mal gespielt
  • Das Durchschnittsergebnis liegt bei 19 aus 24

Antwortstatistiken

Trikot Nr.Spieler% Korrekt
7Vinicius
97%
22Rüdiger
96%
8Kroos
95%
1Courtois
94%
10Modric
94%
11Rodrygo
94%
12Camavinga
92%
4Alaba
91%
5Bellingham
89%
3Eder Militao
88%
2Carvajal
86%
13Lunin
85%
18Tchouameni
84%
23Mendy
82%
15Valverde
80%
25Kepa
79%
14Joselu
78%
21Brahim Diaz
68%
24Güler
66%
6Nacho Fernandez
63%
17Vazquez
50%
20Garcia
46%
19Ceballos
43%
32Paz
31%

Verteilung der Resultate

Perzentil nach korrekt beantworteten Fragen

Anzahl Personen mit jedem Resultat

Ihre Resultats-Entwicklung

Sie haben dieses Quiz noch nicht gespielt